Physics: (Record no. 6994)

000 -LEADER
fixed length control field 00482nam a2200145 4500
008 - FIXED-LENGTH DATA ELEMENTS--GENERAL INFORMATION
fixed length control field 151001b xxu||||| |||| 00| 0 eng d
020 ## - INTERNATIONAL STANDARD BOOK NUMBER
International Standard Book Number 9966445145
050 ## - LIBRARY OF CONGRESS CALL NUMBER
Classification number AFR QC 23 .K53 2024
245 ## - TITLE STATEMENT
Title Physics:
Remainder of title Students' book one/
Statement of responsibility, etc. Kenya literature bureau.
250 ## - EDITION STATEMENT
Edition statement 5th ed.
260 ## - PUBLICATION, DISTRIBUTION, ETC. (IMPRINT)
Place of publication, distribution, etc. Nairobi:
Name of publisher, distributor, etc. Kenya literature bureau,
Date of publication, distribution, etc. 2014.
300 ## - PHYSICAL DESCRIPTION
Extent x, 236 p. : ill.
Other physical details Includes index.
650 ## - SUBJECT ADDED ENTRY--TOPICAL TERM
Topical term or geographic name as entry element KLB Physics Form 1
942 ## - ADDED ENTRY ELEMENTS (KOHA)
Source of classification or shelving scheme
Koha item type Hard Covered Materials
Classification part AFR QC 23 .K53 2024
Koha issues (borrowed), all copies 89
Holdings
Withdrawn status Lost status Source of classification or shelving scheme Damaged status Not for loan Home library Current library Shelving location Date acquired Source of acquisition Total Checkouts Full call number Barcode Date last seen Date last checked out Price effective from Koha item type
          MACHAKOS UNIVERSITY LIBRARY MACHAKOS UNIVERSITY LIBRARY Africana 01/10/2015 Donation(B.F.A) 72 QC23 .K53 2014 12922 12/07/2024 12/07/2024 01/10/2015 Africana (Books)
          MACHAKOS UNIVERSITY LIBRARY MACHAKOS UNIVERSITY LIBRARY Open shelf 01/10/2015 Donation(B.F.A) 67 QC 23 .K53 2014 12921 03/12/2024 08/11/2024 01/10/2015 Hard Covered Materials
          MACHAKOS UNIVERSITY LIBRARY MACHAKOS UNIVERSITY LIBRARY Open shelf 02/05/2024 Corporate Campus(E.A)ltd 2 QC 23 .K53 2024 39821 08/11/2024 24/10/2024 17/05/2024 Hard Covered Materials
© Machakos University Library, Along The Highway, Machakos Wote Rd, Machakos, Kenya P.O. Box 136 - 90100 Machakos - Kenya

Tel: ( +254 ) 723 805829 OR Fax : 044-20353 OR Email: library@mksu.ac.ke